The nature of customary law

Saved in:
Bibliographic Details
Main Author: Perreau
Format: Book
Tags: Add Tag
No Tags, Be the first to tag this record!
Call Number :

MARC

LEADER 00000pam a2200000 4500
001 24302
003 MY-KLNDU
005 20241218081447.0
020 0 0 |a 9780521875110 
035 |a 0000037720 
039 9 |a 201209071543  |b azraai  |c 200911181241  |d VLOAD  |y 200910091739  |z VLOAD 
100 0 0 |a Perreau 
245 0 4 |a The nature of customary law 
591 |a 0000008398  |b 30/03/09  |c 0200-07  |d 1  |e RM388.49  |f 1  |g 388.49  |h Pustaka Darul Warisan Sdn. Bhd. 
999 |a vtls000034498  |c 24302  |d 24302